Score 0/10 Timer 10:00
0 Plays Today
Season Answer % Correct
Season 1Ongina
100%
Season 2 & All Stars 1Jujubee
95.2%
Season 9Shea Couleé
93.7%
Season 10Mayhem Miller
93.7%
Season 10Blair St Clair
93.7%
Season 10Miz Cracker
93.7%
Season 3 & All Stars 1Alexis Mateo
92.1%
Season 3India Ferrah
90.5%
Season 3Mariah Balenciaga
90.5%
Season 8Derrick Barry
88.9%
Remove Ads.
Support Sporcle.
Get the best of Sporcle when you Go Orange. This ad-free experience offers more features, more stats, and more fun while also helping to support Sporcle. Thank you for becoming a member.

You're not logged in!

Compare scores with friends on all Sporcle quizzes.
OR
Log In

Sporcle TV

Today on Sporcle TV


Watch our educational content, quiz creation guides, and fun videos on Sporcle TV.

Show Comments

Extras

Created May 8, 2020ReportNominate
Tags:Cast Quiz, Drag, race, season, star

Top Quizzes Today


Score Distribution

Paid Content

Your Account Isn't Verified!

In order to create a playlist on Sporcle, you need to verify the email address you used during registration. Go to your Sporcle Settings to finish the process.

Report this User

Report this user for behavior that violates our Community Guidelines.

Details: